[Event "Lliga Catalana DH"]
[Site "?"]
[Date "2018.02.03"]
[Round "3.9"]
[White "Sorroche Martin, Josep M"]
[Black "Fernandez Serrano, Pablo "]
[Result "1-0"]
[WhiteElo "2243"]
[BlackElo "2173"]
[PlyCount "83"]
[EventDate "2018.??.??"]
[WhiteTeam "SCU"]
[BlackTeam "SJO"]

1. c4 g6 2. g3 Bg7 3. Bg2 d6 4. Nf3 Bd7 5. O-O Qc8 6. d4 Bh3 7. Qa4+ Kf8 8. Rd1
Nc6 9. Bh1 h5 10. Be3 h4 11. Nc3 hxg3 12. fxg3 Nh6 13. Nd5 Ng4 14. Qb3 e5 15.
dxe5 Nxe3 16. Qxe3 Nxe5 17. Ng5 Bh6 18. Rf1 Qg4 19. Qxe5 dxe5 20. Rxf7+ Ke8 21.
Nf6+ Kd8 22. Nxg4 Bxg5 23. Nf2 Be3 24. Bxb7 Rb8 25. Rd1+ Ke8 26. Rxc7 Bb6 27.
Bc6+ Kf8 28. Rb7 Rxb7 29. Bxb7 Ke7 30. Bg2 Be6 31. Bf3 Bxc4 32. b3 Bb5 33. Kg2
Bxf2 34. Kxf2 Rxh2+ 35. Ke3 Ke6 36. Bg4+ Kf6 37. Rd5 Be8 38. Rd6+ Kg5 39. Bf3
Bb5 40. Rd5 Bc6 41. Rxe5+ Kf6 42. Ra5 1-0

[Event "Lliga Catalana DH"]
[Site "?"]
[Date "2018.02.03"]
[Round "3.10"]
[White "Martinez Talavera, Jordi "]
[Black "Macaya Ruiz, Alfons"]
[Result "0-1"]
[WhiteElo "2087"]
[BlackElo "2176"]
[PlyCount "86"]
[EventDate "2018.??.??"]
[WhiteTeam "SJO"]
[BlackTeam "SCU"]

1. d4 d5 2. Bf4 Nf6 3. e3 c5 4. c3 cxd4 5. cxd4 Qb6 6. Qc2 Nc6 7. Nc3 Bf5 8.
Qd2 e6 9. a3 Be7 10. Rc1 O-O 11. f3 Rac8 12. b4 Nxb4 13. axb4 Bxb4 14. Nge2 Qa5
15. Kf2 Qa3 16. g4 Bxg4 17. Bg2 Ne4+ 18. fxe4 Bxe2 19. Qa2 Rxc3 20. Qxa3 Rxa3
21. Kxe2 Ra2+ 22. Kf3 dxe4+ 23. Kg3 f5 24. Be5 Bd2 25. Rc7 Rf7 26. Rc8+ Rf8 27.
Rxf8+ Kxf8 28. Rb1 b6 29. Bd6+ Kf7 30. Rb3 g5 31. h3 f4+ 32. exf4 gxf4+ 33. Kg4
f3 34. Bf1 Ra1 35. Bb5 Rg1+ 36. Kh4 f2 37. Ra3 a5 38. Rb3 f1=Q 39. Bxf1 Rxf1
40. Rxb6 e3 41. Rb7+ Kg6 42. Re7 Be1+ 43. Bg3 Rf4# 0-1

[Event "Lliga Catalana DH"]
[Site "?"]
[Date "2018.02.03"]
[Round "3.9"]
[White "Vilar Lopez, Monica"]
[Black "Aranda Flores, Jordi"]
[Result "0-1"]
[WhiteElo "2188"]
[BlackElo "2254"]
[PlyCount "84"]
[WhiteTeam "OLO"]
[BlackTeam "TPE"]

1. e4 d6 2. d4 g6 3. Nf3 Bg7 4. Be2 Nf6 5. Nc3 O-O 6. O-O c6 7. a4 Qc7 8. h3
Nbd7 9. Be3 b6 10. Nd2 e5 11. f4 exd4 12. Bxd4 Re8 13. Kh1 Nc5 14. e5 Nd5 15.
Nc4 Nxc3 16. bxc3 Ne4 17. Kh2 d5 18. Nd2 c5 19. Nxe4 dxe4 20. Be3 Be6 21. Qe1
f6 22. exf6 Bxf6 23. Kh1 Qg7 24. Ra3 Rad8 25. Bb5 Rf8 26. Be2 Qd7 27. Bb5 Qc8
28. Qg3 Bg7 29. Be2 Qc7 30. Qh4 c4 31. Rfa1 Rd5 32. Bg4 Qd7 33. Be2 Ra5 34. Bd4
Bxd4 35. cxd4 Qxd4 36. Rd1 Qc5 37. Raa1 Qe3 38. Qe7 Bf7 39. Bg4 Qxf4 40. Rf1
Qe5 41. Rxf7 Qxa1+ 42. Kh2 Rxf7 0-1

[Event "Lliga Catalana DH"]
[Site "?"]
[Date "2018.02.03"]
[Round "3.4"]
[White "Boix Moreno, Daniel"]
[Black "Busquets Prat, Rafel"]
[Result "1/2-1/2"]
[WhiteElo "2328"]
[BlackElo "2352"]
[PlyCount "98"]
[WhiteTeam "TPE"]
[BlackTeam "OLO"]

1. e4 c5 2. Nf3 Nc6 3. Bb5 g6 4. O-O Bg7 5. Re1 Nf6 6. e5 Nd5 7. Nc3 Nxc3 8.
dxc3 O-O 9. Bg5 a6 10. Bxc6 bxc6 11. Qd2 f6 12. exf6 Bxf6 13. Bxf6 Rxf6 14. Qe3
e6 15. Qxc5 Rb8 16. b3 d6 17. Rad1 e5 18. Qxe5 Bg4 19. Qe7 Bxf3 20. gxf3 Qf8
21. Re3 Rb5 22. Qxf8+ Kxf8 23. Rd4 Ra5 24. a4 Rg5+ 25. Rg4 Rd5 26. Rge4 Rf7 27.
Kg2 Rd2 28. Re2 Rd5 29. Re8+ Kg7 30. R8e7 Rg5+ 31. Kh1 Rgf5 32. Rxf7+ Kxf7 33.
Re3 Kf6 34. h3 h6 35. Kh2 Kf7 36. f4 Rxf4 37. Kg3 Rf5 38. Rf3 Ke6 39. Rxf5 Kxf5
40. Kf3 d5 41. a5 g5 42. Kg3 h5 43. h4 g4 44. f3 gxf3 45. Kxf3 Ke5 46. Ke3 Kf5
47. Kf3 Ke5 48. Ke3 Kf5 49. Kf3 Ke5 1/2-1/2

[Event "Lliga Catalana DH"]
[Site "?"]
[Date "2018.02.03"]
[Round "3.10"]
[White "Cespedes Llaverias, Llibert"]
[Black "Lazaro Pujol, Albert"]
[Result "0-1"]
[WhiteElo "2110"]
[BlackElo "2100"]
[PlyCount "90"]
[WhiteTeam "TPE"]
[BlackTeam "OLO"]

1. e4 e5 2. Nf3 Nc6 3. Bb5 a6 4. Ba4 Nf6 5. d3 b5 6. Bb3 Bc5 7. O-O O-O 8. Bg5
h6 9. Bh4 Be7 10. a4 b4 11. a5 d6 12. h3 Be6 13. c3 Rb8 14. Bxe6 fxe6 15. Nbd2
Nh5 16. Bxe7 Qxe7 17. g3 Qf7 18. d4 bxc3 19. bxc3 exd4 20. Nxd4 Ne5 21. Qe2 c5
22. N4b3 c4 23. Nd4 Nf6 24. Nxc4 Nxc4 25. Qxc4 Nxe4 26. Qxe6 Nxc3 27. Qxf7+
Rxf7 28. Nc6 Rb2 29. f4 Ne2+ 30. Kf2 Nd4+ 31. Ke3 Nxc6 32. Rfc1 Nb4 33. Rab1
Rxb1 34. Rxb1 Nc6 35. Rb6 Nxa5 36. Rxa6 Nc4+ 37. Kd4 Rc7 38. Ra4 Nb6 39. Ra6
Rb7 40. g4 Kf7 41. h4 Ke7 42. h5 Nd7 43. g5 Rb5 44. Kc4 Rc5+ 45. Kd4 hxg5 0-1

[Event "Lliga Catalana DH"]
[Site "?"]
[Date "2018.02.03"]
[Round "3.2"]
[White "Cruz Estrada, Filemon"]
[Black "Vidal Zamora, Alex"]
[Result "1-0"]
[WhiteElo "2387"]
[BlackElo "2422"]
[PlyCount "118"]
[WhiteTeam "TPE"]
[BlackTeam "OLO"]

1. Nf3 Nf6 2. g3 d5 3. c4 e6 4. Bg2 Be7 5. O-O O-O 6. d4 c6 7. Nbd2 b6 8. b3
Bb7 9. Bb2 Nbd7 10. Qc2 Rc8 11. Rac1 Re8 12. Rfd1 Qc7 13. Ne5 Bd6 14. Nd3 Bf8
15. b4 dxc4 16. Qxc4 c5 17. dxc5 Bxg2 18. Kxg2 bxc5 19. Bxf6 gxf6 20. bxc5 Nxc5
21. Nxc5 Bxc5 22. Ne4 Qb7 23. Rd7 Qa8 24. f3 Be7 25. Rc7 Rxc7 26. Qxc7 f5 27.
Nd6 Bxd6 28. Qxd6 Qb8 29. Qd4 Qb5 30. Qe3 h6 31. Rc2 Kg7 32. Qxa7 Rd8 33. Kf2
Rd7 34. Qe3 Rd1 35. Rc1 Rd8 36. Rc5 Qb2 37. a4 Rd1 38. Qe5+ Qxe5 39. Rxe5 Ra1
40. a5 Ra3 41. Rb5 Kf6 42. h4 Ke7 43. g4 fxg4 44. fxg4 Kf6 45. e3 Kg6 46. Kf3
Ra4 47. e4 Kf6 48. Kf4 Ra3 49. h5 Ra4 50. g5+ Kg7 51. gxh6+ Kxh6 52. Ke3 f6 53.
Kf4 f5 54. Re5 Kxh5 55. Rxe6 Rxa5 56. e5 Ra1 57. Kxf5 Rf1+ 58. Ke4 Kg5 59. Rd6
Ra1 1-0

[Event "Lliga Catalana DH"]
[Site "?"]
[Date "2018.02.03"]
[Round "3.5"]
[White "Triadu Cassa, Jordi"]
[Black "Gonzalez Garcia, Marc"]
[Result "1/2-1/2"]
[WhiteElo "2323"]
[BlackElo "2338"]
[PlyCount "25"]
[WhiteTeam "OLO"]
[BlackTeam "TPE"]

1. e4 e6 2. d4 d5 3. Nc3 Bb4 4. e5 Ne7 5. a3 Bxc3+ 6. bxc3 c5 7. Nf3 b6 8. a4
Ba6 9. Bxa6 Nxa6 10. Qd3 Nb8 11. O-O Qc7 12. Re1 Nd7 13. Ba3 1/2-1/2

[Event "Lliga Catalana DH"]
[Site "?"]
[Date "2018.02.03"]
[Round "3.1"]
[White "Campos Moreno, Javier"]
[Black "Cruz Sanchez, Jonathan Esteban"]
[Result "1/2-1/2"]
[WhiteElo "2510"]
[BlackElo "2477"]
[PlyCount "80"]
[WhiteTeam "OLO"]
[BlackTeam "TPE"]

1. d4 Nf6 2. c4 c5 3. d5 e5 4. Nc3 d6 5. e4 Be7 6. h3 Nbd7 7. Bd3 Nf8 8. Be3
Ng6 9. g3 O-O 10. Qe2 Bd7 11. h4 Rb8 12. h5 Nh8 13. f3 a6 14. a4 Qc8 15. Rb1
Ne8 16. g4 h6 17. b4 cxb4 18. Rxb4 Bg5 19. Bb6 a5 20. Rb3 Nc7 21. Nb5 Nxb5 22.
axb5 a4 23. Rb1 Ra8 24. Nh3 Bh4+ 25. Nf2 Bd8 26. Be3 Ba5+ 27. Kf1 a3 28. Rb3
Bb4 29. Kg2 Bc5 30. Ra1 Qc7 31. Nd1 Ra5 32. Bxc5 Qxc5 33. Qe3 Rfa8 34. Ra2 f6
35. Qxc5 dxc5 36. Ne3 Kf8 37. Nc2 Ke7 38. Rbxa3 Rxa3 39. Rxa3 Rxa3 40. Nxa3 Kd6
1/2-1/2

[Event "Lliga Catalana DH"]
[Site "?"]
[Date "2018.02.03"]
[Round "3.3"]
[White "Sabria Batlle, Pol"]
[Black "Ballester Llagaria, Luis"]
[Result "1-0"]
[WhiteElo "2403"]
[BlackElo "2349"]
[PlyCount "51"]
[WhiteTeam "OLO"]
[BlackTeam "TPE"]

1. e4 e6 2. g3 d5 3. Bg2 dxe4 4. Nc3 Nf6 5. Nxe4 Nbd7 6. d4 Nxe4 7. Bxe4 Bd6 8.
Ne2 O-O 9. O-O e5 10. Bg2 c6 11. Nc3 exd4 12. Qxd4 Be5 13. Qd3 Qc7 14. Ne4 Nb6
15. Nc5 Nd7 16. Ne4 Nb6 17. c3 g6 18. Bh6 Re8 19. f4 Bh8 20. Qd6 Qxd6 21. Nxd6
Re7 22. Rae1 Be6 23. f5 gxf5 24. Rxf5 f6 25. Rf4 Rd8 26. Rxe6 1-0

[Event "Lliga Catalana DH"]
[Site "?"]
[Date "2018.02.03"]
[Round "3.8"]
[White "Prat Llabres, Joan"]
[Black "Serrat Rifa, Ernest"]
[Result "1-0"]
[WhiteElo "2259"]
[BlackElo "2269"]
[PlyCount "49"]
[WhiteTeam "TPE"]
[BlackTeam "OLO"]

1. e4 e5 2. Nf3 Nc6 3. d4 exd4 4. Nxd4 Bc5 5. Nxc6 Qf6 6. Qd2 dxc6 7. Nc3 Bd7
8. Na4 Be7 9. Bd3 b5 10. Nc3 Bb4 11. O-O Ne7 12. Qe2 Bxc3 13. bxc3 Qxc3 14. Bd2
Qc5 15. Be3 Qa3 16. Qh5 Ng6 17. f4 O-O-O 18. Bc5 Qa4 19. Rab1 f6 20. Rb3 Qa5
21. Qe2 Qa6 22. Ra3 Qb7 23. Rxa7 Qb8 24. Qd2 Be8 25. Qa5 1-0

[Event "Lliga Catalana DH"]
[Site "?"]
[Date "2018.02.03"]
[Round "3.6"]
[White "Martinez Pla, Xavier"]
[Black "Aymerich Verdaguer, Eduard"]
[Result "1-0"]
[WhiteElo "2320"]
[BlackElo "2315"]
[PlyCount "51"]
[WhiteTeam "TPE"]
[BlackTeam "OLO"]

1. e4 c5 2. Nf3 e6 3. d4 cxd4 4. Nxd4 Nc6 5. Nc3 Qc7 6. Be2 a6 7. Be3 Nf6 8.
O-O Be7 9. f4 d6 10. Qe1 O-O 11. Qg3 Nxd4 12. Bxd4 b5 13. a3 Bb7 14. Kh1 Bc6
15. Rae1 Qb7 16. Bf3 Rad8 17. e5 Ne8 18. Ne4 dxe5 19. Bxe5 a5 20. c3 b4 21.
axb4 axb4 22. Bd4 Qc7 23. Ra1 Bxe4 24. Bxe4 Bf6 25. Be5 bxc3 26. Bxc7 1-0

[Event "Lliga Catalana DH"]
[Site "?"]
[Date "2018.02.03"]
[Round "3.7"]
[White "Vinardell Cruañas, Sergi"]
[Black "Leiro Giralt, Daniel"]
[Result "1/2-1/2"]
[WhiteElo "2291"]
[BlackElo "2285"]
[PlyCount "30"]
[WhiteTeam "OLO"]
[BlackTeam "TPE"]

1. e4 e5 2. Nf3 Nf6 3. Nxe5 d6 4. Nf3 Nxe4 5. d4 d5 6. Bd3 Nc6 7. O-O Bg4 8.
Re1 f5 9. c4 Bb4 10. Nc3 O-O 11. cxd5 Bxf3 12. Qxf3 Nxd4 13. Qe3 Nxc3 14. Qxd4
Nxd5 15. Rd1 c6 1/2-1/2

[Event "Lliga Catalana DH"]
[Site "?"]
[Date "2018.02.03"]
[Round "3.1"]
[White "Pichot, Alan"]
[Black "Movsziszian, Karen"]
[Result "0-1"]
[WhiteElo "2552"]
[BlackElo "2562"]
[PlyCount "83"]
[EventDate "2017.??.??"]
[WhiteTeam "MLL"]
[BlackTeam "SAN"]

1. e4 d6 2. d4 Nf6 3. Nc3 g6 4. f4 Bg7 5. Nf3 O-O 6. e5 dxe5 7. fxe5 Nd5 8. Bc4
Nxc3 9. bxc3 c5 10. O-O Bg4 11. Qd3 Bxf3 12. Rxf3 Nc6 13. Be3 e6 14. Raf1 Qc7
15. Bg5 cxd4 16. cxd4 Qb6 17. Be3 Rad8 18. R3f2 Qc7 19. Qc3 Nxe5 20. dxe5 Rc8
21. Qb3 Qxc4 22. Qxb7 Rc7 23. Qb2 Qe4 24. Bd4 Rd8 25. c3 Bxe5 26. Bxe5 Qxe5 27.
h3 f5 28. Rc1 Qc5 29. Qb3 Qc4 30. Re1 Kf7 31. Qb1 Qxc3 32. Rfe2 Rd2 33. Rxe6
Qc2 34. Qxc2 Rcxc2 35. Re7+ Kf6 36. Rxh7 Rxg2+ 37. Kh1 Rh2+ 38. Kg1 Rcg2+ 39.
Kf1 Rxa2 40. Kg1 a5 41. h4 Rhg2+ 42. Kh1 0-1

[Event "Lliga Catalana DH"]
[Site "?"]
[Date "2018.02.03"]
[Round "3.2"]
[White "Muñoz, Miguel"]
[Black "Demuth, Adrien"]
[Result "1/2-1/2"]
[WhiteElo "2527"]
[BlackElo "2528"]
[PlyCount "70"]
[EventDate "2017.??.??"]
[WhiteTeam "SAN"]
[BlackTeam "MLL"]

1. e4 e5 2. Nf3 Nc6 3. Bb5 a6 4. Ba4 d6 5. c4 Bg4 6. d4 exd4 7. Bxc6+ bxc6 8.
Qxd4 Ne7 9. Nbd2 Ng6 10. O-O c5 11. Qc3 h6 12. e5 Be7 13. exd6 Qxd6 14. Qxg7
O-O-O 15. Qxf7 Rhg8 16. Re1 Rdf8 17. Qd5 Qxd5 18. cxd5 Bd6 19. h3 Bh5 20. Kf1
Nf4 21. Nh4 Nd3 22. Ne4 Nxe1 23. Nxd6+ cxd6 24. Kxe1 Re8+ 25. Be3 Re5 26. Rc1
Kd7 27. g4 Bg6 28. Nxg6 Rxg6 29. Ke2 Rxd5 30. f4 h5 31. Kf3 hxg4+ 32. hxg4 Rd3
33. Ke4 Rxe3+ 34. Kxe3 Rxg4 35. Kf3 Rh4 1/2-1/2

[Event "Lliga Catalana DH"]
[Site "?"]
[Date "2018.02.03"]
[Round "3.3"]
[White "Krysa, Leandro"]
[Black "Dominguez Pons, Eric"]
[Result "0-1"]
[WhiteElo "2505"]
[BlackElo "2447"]
[PlyCount "124"]
[EventDate "2017.??.??"]
[WhiteTeam "MLL"]
[BlackTeam "SAN"]

1. Nf3 c5 2. c4 Nc6 3. d4 cxd4 4. Nxd4 g6 5. e4 Bg7 6. Be3 Nf6 7. Nc3 d6 8. Be2
O-O 9. O-O Bd7 10. Nc2 Rc8 11. f3 Ne8 12. Qd2 Qa5 13. b4 Qd8 14. Rac1 b6 15. f4
f5 16. exf5 Bxf5 17. a3 Nf6 18. h3 Ne4 19. Nxe4 Bxe4 20. Bg4 Bf5 21. Bf3 Qd7
22. Rfd1 Rfd8 23. Qe2 Qe8 24. Kh1 Bb2 25. Rb1 Bf6 26. Rb3 Kh8 27. Nd4 Nxd4 28.
Bxd4 Qf7 29. Bxf6+ Qxf6 30. Re3 Rc7 31. Re1 Re8 32. Bd5 Bc8 33. b5 e6 34. Bc6
Ree7 35. Qd3 Qxf4 36. Rf3 Qh4 37. Re4 Qg5 38. h4 Qc5 39. Qd1 Qh5 40. Ref4 Qe5
41. Qf1 Kg7 42. Rf8 Bb7 43. Bxb7 Rxb7 44. R3f4 d5 45. cxd5 exd5 46. Qf3 Rbd7
47. a4 d4 48. Qb3 Qd5 49. Qd3 Re3 50. Qd2 Rh3+ 51. Kg1 Rxh4 52. Rxh4 Kxf8 53.
Qb4+ Qc5 54. Rf4+ Kg7 55. Qb2 Qe5 56. Rf3 Qe1+ 57. Rf1 Qe3+ 58. Kh2 Rd5 59. Rf3
Rh5+ 60. Kg3 Qe1+ 61. Qf2 Qe5+ 62. Rf4 g5 0-1

[Event "Lliga Catalana DH"]
[Site "?"]
[Date "2018.02.03"]
[Round "3.4"]
[White "Akbarinia, Sayed Arash"]
[Black "Arenas Vanegas, David"]
[Result "1-0"]
[WhiteElo "2387"]
[BlackElo "2495"]
[PlyCount "61"]
[EventDate "2017.??.??"]
[WhiteTeam "SAN"]
[BlackTeam "MLL"]

1. c4 g6 2. g3 Bg7 3. Bg2 Nf6 4. Nc3 O-O 5. Rb1 c6 6. e4 e5 7. Nge2 d6 8. d4
exd4 9. Nxd4 Qb6 10. O-O Bg4 11. Nde2 Re8 12. Be3 Qb4 13. h3 Bxe2 14. Qxe2 Nbd7
15. a3 Qb3 16. Qd1 Qxc4 17. Qxd6 Re6 18. Qc7 Qb3 19. Ne2 Ree8 20. Rfd1 Ne5 21.
Nd4 Qa4 22. Qxb7 Rab8 23. Qc7 Rxb2 24. Rbc1 Nc4 25. Bf4 Nh5 26. Nxc6 Nxf4 27.
gxf4 Bf8 28. Qd7 Qxa3 29. Qxe8 Rxf2 30. Kxf2 Qc5+ 31. Rd4 1-0

[Event "Lliga Catalana DH"]
[Site "?"]
[Date "2018.02.03"]
[Round "3.5"]
[White "Garriga Cazorla, Pere"]
[Black "Colon Garcia, Enrique"]
[Result "1-0"]
[WhiteElo "2469"]
[BlackElo "2406"]
[PlyCount "123"]
[EventDate "2017.??.??"]
[WhiteTeam "MLL"]
[BlackTeam "SAN"]

1. d4 Nf6 2. c4 e6 3. g3 d5 4. Bg2 Be7 5. Nf3 O-O 6. O-O c6 7. Qc2 b6 8. Nbd2
Bb7 9. e4 Nbd7 10. cxd5 cxd5 11. e5 Rc8 12. Qa4 Ne8 13. Re1 Nb8 14. Bf1 Nc6 15.
a3 Nc7 16. Bd3 Qd7 17. Qd1 Ba6 18. Bb1 f6 19. exf6 Rxf6 20. Nb3 Rcf8 21. Ng5 g6
22. f4 Bc4 23. Nf3 R6f7 24. Nbd2 Ba6 25. Kg2 Ne8 26. h4 Ng7 27. Nf1 Nf5 28.
N1h2 Bf6 29. Be3 Rc8 30. Bf2 Nd6 31. Ng4 Bg7 32. Ng5 Re7 33. h5 h6 34. Nf3 gxh5
35. Nge5 Nxe5 36. Nxe5 Bxe5 37. dxe5 Ne4 38. Qxh5 Rh7 39. a4 Qe8 40. Qxe8+ Rxe8
41. a5 Bc4 42. axb6 axb6 43. Bxb6 Rb7 44. Bd4 Rb3 45. Re3 Reb8 46. Rxb3 Rxb3
47. Ra3 Rb7 48. Bc2 h5 49. Kh3 Nd2 50. Bd1 Ne4 51. Bxh5 Kg7 52. Kh4 Bb5 53. Ra8
Rc7 54. Ra7 Rxa7 55. Bxa7 Nd2 56. Be3 Nb3 57. Bd1 Na5 58. g4 Nc4 59. Bd4 Na5
60. Kg5 Nc6 61. Bc5 d4 62. f5 1-0

[Event "Lliga Catalana DH"]
[Site "?"]
[Date "2018.02.03"]
[Round "3.6"]
[White "Castellano Egea, Einar"]
[Black "Fernandez Diaz, Cristian"]
[Result "0-1"]
[WhiteElo "2298"]
[BlackElo "2349"]
[PlyCount "92"]
[EventDate "2017.??.??"]
[WhiteTeam "SAN"]
[BlackTeam "MLL"]

1. e4 d6 2. d4 Nf6 3. Nc3 g6 4. Nf3 Bg7 5. Be2 O-O 6. h3 c6 7. O-O Qc7 8. a4
Nbd7 9. Be3 b6 10. Re1 Bb7 11. Qd2 a6 12. Bh6 e5 13. Bxg7 Kxg7 14. Rad1 Rfe8
15. dxe5 dxe5 16. Qd6 Qxd6 17. Rxd6 Nc5 18. b4 Ncxe4 19. Nxe4 Nxe4 20. Rd7 Bc8
21. Rc7 b5 22. Bd3 Nf6 23. Rxe5 Be6 24. Rxc6 bxa4 25. Ra5 Rab8 26. Rxa4 Bd7 27.
Rxf6 Bxa4 28. Rxa6 Rxb4 29. Ra7 Bc6 30. Rc7 Bxf3 31. gxf3 h5 32. Be4 Kf6 33. c4
Re7 34. Rc8 Kg5 35. c5 f5 36. Ba8 Re1+ 37. Kg2 Rbb1 38. f4+ Kxf4 39. Rd8 Rbd1
40. Rb8 Rc1 41. Rb4+ Ke5 42. f4+ Kf6 43. Rb6+ Kg7 44. Rb7+ Kh6 45. Rc7 Re2+ 46.
Kg3 Rc3+ 0-1

[Event "Lliga Catalana DH"]
[Site "?"]
[Date "2018.02.03"]
[Round "3.7"]
[White "Montilla Carrillo, Esteban"]
[Black "Bautista Sanchez, Joan"]
[Result "1-0"]
[WhiteElo "2315"]
[BlackElo "2284"]
[PlyCount "118"]
[EventDate "2017.??.??"]
[WhiteTeam "MLL"]
[BlackTeam "SAN"]

1. Nf3 c6 2. c4 Nf6 3. b3 d5 4. Bb2 Bf5 5. g3 e6 6. Bg2 Bd6 7. O-O Nbd7 8. d3
O-O 9. Nbd2 Qe7 10. Nh4 Bg6 11. Nxg6 hxg6 12. Rb1 Rfd8 13. Qc2 a5 14. Ba1 e5
15. e3 Re8 16. Rfd1 Bb4 17. Bh3 Nc5 18. Nf3 Nxd3 19. cxd5 cxd5 20. Qxd3 e4 21.
Qe2 exf3 22. Qxf3 Ne4 23. Qe2 Rad8 24. Rbc1 Bc5 25. Bg2 b6 26. Rd3 Rd6 27. Rcd1
Red8 28. Qg4 Qe6 29. Qxe6 fxe6 30. Be5 Nf6 31. Bxd6 Rxd6 32. h3 Rc6 33. Rc1 Rc7
34. Kf1 Re7 35. Ke2 g5 36. Kf1 Rf7 37. Ke2 Nd7 38. f4 gxf4 39. gxf4 Nf6 40. f5
exf5 41. Rxd5 Re7 42. Rcxc5 bxc5 43. Rxf5 Nd7 44. Bc6 Ne5 45. Bd5+ Kh7 46. h4
g6 47. Rf8 Ng4 48. e4 Kg7 49. Rg8+ Kh6 50. Rh8+ Kg7 51. Rc8 Nf6 52. Kd3 Nd7 53.
Ke3 Nb6 54. Rxc5 a4 55. bxa4 Nxa4 56. Rc6 Nb2 57. Rb6 Nd1+ 58. Kd4 Kh6 59. e5
Kh5 1-0

[Event "Lliga Catalana DH"]
[Site "?"]
[Date "2018.02.03"]
[Round "3.8"]
[White "Subirats Ruiz, Sergi"]
[Black "Perales Galindo, Eduard"]
[Result "1/2-1/2"]
[WhiteElo "2284"]
[BlackElo "2323"]
[PlyCount "125"]
[EventDate "2017.??.??"]
[WhiteTeam "SAN"]
[BlackTeam "MLL"]

1. e4 c5 2. Nf3 d6 3. d4 cxd4 4. Nxd4 Nf6 5. Nc3 g6 6. Be3 Bg7 7. f3 Nc6 8. Qd2
h5 9. Bc4 Bd7 10. O-O-O Na5 11. Bb3 Rb8 12. Kb1 a6 13. h3 b5 14. g4 Nc4 15.
Bxc4 bxc4 16. g5 Nh7 17. Ka1 O-O 18. f4 Qc8 19. Nde2 Bc6 20. Rb1 Qb7 21. Ng3 h4
22. Nge2 Bxe4 23. Rhc1 a5 24. Qe1 Bf3 25. Bd4 e5 26. fxe5 dxe5 27. Bc5 Rfc8 28.
Bd6 e4 29. Bxb8 Rxb8 30. Nf4 Qe7 31. Qxh4 Qe5 32. Nfd5 e3 33. Qf4 Qxf4 34. Nxf4
Nxg5 35. Rg1 Ne4 36. Nfe2 Nd2 37. Rbe1 Be4 38. Rg3 Bh6 39. Nxe4 Nxe4 40. Rg4
Bg7 41. c3 Nd6 42. Kb1 a4 43. a3 Kh7 44. Reg1 Rc8 45. h4 Rc5 46. Nd4 Bxd4 47.
Rxd4 Nf5 48. Re4 Rd5 49. Kc1 Kh6 50. Re8 Kg7 51. Rg4 Rd2 52. Rge4 Rh2 53. Ra8
e2 54. Kd2 Ng3 55. Ree8 Rxh4 56. Rxa4 Rh1 57. Rxe2 Nxe2 58. Kxe2 Rh2+ 59. Ke3
Rxb2 60. Rxc4 g5 61. a4 Ra2 62. Ke4 Kg6 63. Rd4 1/2-1/2

[Event "Lliga Catalana DH"]
[Site "?"]
[Date "2018.02.03"]
[Round "3.9"]
[White "Morros Faura, Ricard"]
[Black "Travesset Ribera, Joaquim"]
[Result "1-0"]
[WhiteElo "2337"]
[BlackElo "2315"]
[PlyCount "73"]
[EventDate "2017.??.??"]
[WhiteTeam "MLL"]
[BlackTeam "SAN"]

1. e4 d5 2. exd5 Qxd5 3. Nf3 Nf6 4. d4 Bg4 5. Be2 c6 6. c4 Qa5+ 7. Nc3 e6 8. h3
Bh5 9. O-O Nbd7 10. Bf4 Be7 11. a3 O-O 12. b4 Qd8 13. Qb3 h6 14. Rfd1 g5 15.
Bh2 Ne8 16. d5 exd5 17. cxd5 c5 18. Ne4 cxb4 19. d6 Bf6 20. Nxf6+ Nexf6 21.
Qxb4 Qb6 22. g4 Bg6 23. Ne5 Qxb4 24. axb4 Be4 25. Rd4 Rfe8 26. Rxe4 Nxe4 27.
Nxd7 Rad8 28. f3 Rxd7 29. fxe4 Rxe4 30. Bb5 Rd8 31. d7 Rxb4 32. Rc1 Rxb5 33.
Rc8 Rb1+ 34. Kf2 Rd1 35. Rxd8+ Kh7 36. Be5 a5 37. Rh8+ 1-0

[Event "Lliga Catalana DH"]
[Site "?"]
[Date "2018.02.03"]
[Round "3.10"]
[White "Delisau Gil, Oriol"]
[Black "Garcia Marin, Guillem"]
[Result "1/2-1/2"]
[WhiteElo "2268"]
[BlackElo "2179"]
[PlyCount "111"]
[EventDate "2017.??.??"]
[WhiteTeam "SAN"]
[BlackTeam "MLL"]

1. d4 Nf6 2. c4 g6 3. Nc3 d5 4. cxd5 Nxd5 5. e4 Nxc3 6. bxc3 Bg7 7. Be3 c5 8.
Rc1 Qa5 9. Qd2 O-O 10. Nf3 Rd8 11. d5 e6 12. Bg5 Re8 13. d6 Qa4 14. Bd3 e5 15.
Bh6 Qc6 16. h4 Re6 17. h5 c4 18. Bxg7 cxd3 19. Ng5 Kxg7 20. Nxe6+ Bxe6 21. f3
Qd7 22. hxg6 fxg6 23. Qxd3 Nc6 24. Kf2 Rd8 25. Qe3 Kg8 26. Rhd1 b6 27. Qe2 Na5
28. c4 Qc6 29. c5 bxc5 30. Qb2 Nc4 31. Qb3 Qa6 32. a4 Bf7 33. Kg1 Kg7 34. d7
Nb6 35. Qb2 Nxd7 36. Rxc5 Nxc5 37. Rxd8 Qf6 38. Ra8 Nxa4 39. Qb8 Qb6+ 40. Qxb6
Nxb6 41. Rxa7 Nc4 42. Kf2 Kf6 43. Ra6+ Be6 44. g3 g5 45. Ra8 h5 46. Rh8 Bf7 47.
Rc8 Be6 48. Rh8 Bf7 49. Rc8 Nd6 50. Rc6 Ke7 51. Rc5 Ke6 52. Ke3 Bg6 53. f4
gxf4+ 54. gxf4 exf4+ 55. Kxf4 Bxe4 56. Re5+ 1/2-1/2

[Event "Lliga Catalana DH"]
[Site "?"]
[Date "2018.02.03"]
[Round "3.1"]
[White "Barbero Sendic, Alejandro"]
[Black "Vazquez Schroeder, Rodrigo Rafael"]
[Result "1/2-1/2"]
[WhiteElo "2430"]
[BlackElo "2549"]
[PlyCount "82"]
[WhiteTeam "LLE"]
[BlackTeam "CCS"]

1. e4 e5 2. Nf3 Nc6 3. Bc4 Bc5 4. c3 Nf6 5. d3 a6 6. O-O Ba7 7. Bb3 d6 8. Nbd2
h6 9. Nc4 O-O 10. Ne3 Be6 11. Re1 Re8 12. Bxe6 fxe6 13. h3 Rf8 14. Ng4 Qd7 15.
Be3 Bxe3 16. Rxe3 Qf7 17. Nxf6+ gxf6 18. d4 Kh7 19. Qc2 Kh8 20. Rf1 Rg8 21.
dxe5 fxe5 22. Nh2 Rg6 23. Rg3 Rag8 24. Qd2 Qg7 25. Rxg6 Qxg6 26. f4 exf4 27.
Rxf4 Qg5 28. Nf3 Qg7 29. Rh4 Kh7 30. Rh5 Qg6 31. Rh4 e5 32. Rg4 Qf6 33. Rxg8
Kxg8 34. Nh2 h5 35. Nf1 Ne7 36. Qe2 Qf7 37. b3 Kh7 38. Ne3 Kg7 39. g3 Kg6 40.
Kg2 b5 41. g4 hxg4 1/2-1/2

[Event "Lliga Catalana DH"]
[Site "?"]
[Date "2018.02.03"]
[Round "3.2"]
[White "Gonzalez Garcia, Jose"]
[Black "Trepat Herranz, Joan"]
[Result "1-0"]
[WhiteElo "2565"]
[BlackElo "2431"]
[PlyCount "66"]
[WhiteTeam "CCS"]
[BlackTeam "LLE"]

1. d4 Nf6 2. c4 e6 3. Nc3 Bb4 4. e3 O-O 5. Bd3 d5 6. Nf3 c5 7. O-O cxd4 8. exd4
dxc4 9. Bxc4 b6 10. Bd3 Bb7 11. Re1 Nc6 12. a3 Be7 13. Bc2 Rc8 14. Qd3 Rc7 15.
Bg5 g6 16. Rad1 Nd5 17. Bh6 Re8 18. Ba4 a6 19. Nxd5 Qxd5 20. Qe3 Bf8 21. Bxf8
Rxf8 22. Bb3 Qf5 23. d5 exd5 24. Qxb6 Rfc8 25. Bxd5 Ba8 26. h4 a5 27. Rd2 Rb7
28. Qa6 Ra7 29. Qb5 Ne7 30. Qb6 Nxd5 31. Qxa7 Nf4 32. Qd7 Nh3+ 33. gxh3 Qxf3
1-0

[Event "Lliga Catalana DH"]
[Site "?"]
[Date "2018.02.03"]
[Round "3.3"]
[White "Adel Lahchaichi, Oussama"]
[Black "Comas Fabrego, Lluis"]
[Result "1/2-1/2"]
[WhiteElo "2378"]
[BlackElo "2556"]
[PlyCount "62"]
[WhiteTeam "LLE"]
[BlackTeam "CCS"]

1. c4 b6 2. Nc3 Bb7 3. e4 e6 4. Nf3 c5 5. Bd3 Nc6 6. Qe2 Nge7 7. b3 Ng6 8. Qe3
Bd6 9. Bb2 Bf4 10. Qe2 O-O 11. g3 Bb8 12. O-O-O Nd4 13. Nxd4 cxd4 14. Nb5 e5
15. f4 a6 16. Na3 f6 17. f5 Nh8 18. g4 Nf7 19. h4 Bd6 20. Nc2 Be7 21. Kb1 Bc6
22. Ne1 b5 23. Nf3 bxc4 24. Bxc4 d5 25. exd5 Bxd5 26. Bxd5 Qxd5 27. Nxd4 exd4
28. Qxe7 Rfe8 29. Qb4 Re4 30. Rhg1 Rxg4 31. a4 Rxh4 1/2-1/2